GAS TURBINES (Record no. 216092)

MARC details
000 -LEADER
fixed length control field 00428nam a22001577a 4500
008 - FIXED-LENGTH DATA ELEMENTS--GENERAL INFORMATION
fixed length control field 250915b |||||||| |||| 00| 0 eng d
020 ## - INTERNATIONAL STANDARD BOOK NUMBER
International Standard Book Number 979-8-88715-108-3
100 ## - MAIN ENTRY--PERSONAL NAME
Personal name DVORSKY, ANTHONY BEN
245 ## - TITLE STATEMENT
Title GAS TURBINES
260 ## - PUBLICATION, DISTRIBUTION, ETC.
Place of publication, distribution, etc. DUBLIN
Name of publisher, distributor, etc. ORYSON PRESS
Date of publication, distribution, etc. 2023
300 ## - PHYSICAL DESCRIPTION
Extent VI, 298P.
500 ## - GENERAL NOTE
General note INCLUDES INDEX
650 ## - SUBJECT ADDED ENTRY
Topical term or geographic name entry element 1. GAS- TURBINES 2. JET PROPULSION -ENGINEERING
942 ## - ADDED ENTRY ELEMENTS (KOHA)
Source of classification or shelving scheme Library of Congress Classification
Koha item type Long Loan Book
Holdings
Withdrawn status Lost status Source of classification or shelving scheme Damaged status Not for loan Home library Current library Date acquired Inventory number Total checkouts Full call number Date last seen Copy number Price effective from Koha item type Collection Barcode Shelving location
    Library of Congress Classification     Kisii University Library Kisii University Library 09/15/2025 109565   TJ 778 .D86 2023 09/15/2025 1 09/15/2025 Long Loan Book      
    Library of Congress Classification     Kisii University Library Kisii University Library 09/15/2025 109566   TJ 778 .D86 2023 09/15/2025 2 09/15/2025 Long Loan Book Science & Technology 000000023856  
    Library of Congress Classification     Kisii University Library Kisii University Library 09/15/2025 109567   TJ 778 .D86 2023 09/15/2025 3 09/15/2025 Long Loan Book Science & Technology 000000023846 On Display
    Library of Congress Classification     Kisii University Library Kisii University Library 09/15/2025 109568   TJ 778 .D86 2023 09/15/2025 4 09/15/2025 Long Loan Book Science & Technology   On Display